MARC

LEADER 00000nbm0a2200000 4500
001 358833
005 20231102011131.0
035 |a (RuTPU)RU\TPU\retro\16105 
090 |a 358833 
100 |a 20200828d1942 k y0rusy50 ca 
101 0 |a rus 
102 |a RU 
105 |a af m 001zy 
200 1 |a Исследование нового безопасного способа взрывания угля в гризутных условиях. Взрывобезопасный патрон "Нитрокс"  |e диссертация на соискание степени кандидата технических наук  |f Г. Н. Подбельский  |g СССР, Народный комиссариат угольной промышленности ; Кузнецкий научно-исследовательский угольный институт 
210 |a Прокопьевск  |c [Б. и.]  |d 1942 
215 |a 108 л.  |c ил. 
300 |a Машинопись 
320 |a Библиогр.: л. 104-106 
606 1 |a Угольная промышленность  |2 stltpush  |3 (RuTPU)RU\TPU\subj\72515  |9 85992 
606 1 |a Взрывчатые вещества  |x Испытание  |x Химическая технология  |2 stltpush  |3 (RuTPU)RU\TPU\subj\32966  |9 55338 
610 1 |a коллекция ТПУ 
610 1 |a диссертации 
610 1 |a беспламенное горение 
610 1 |a взрывобезопасность 
610 1 |a патроны 
610 1 |a расчеты 
610 1 |a газы 
610 1 |a удельный объем 
610 1 |a взрывы 
610 1 |a температура 
610 1 |a давление 
610 1 |a прочность 
610 1 |a полигоны 
610 1 |a прострелочно-взрывные работы 
610 1 |a газообразные продукты 
610 1 |a испытания 
610 1 |a внедрение в производство 
675 |a 622.333(04)  |v 4 
675 |a 662.2(04)  |v 4 
700 1 |a Подбельский  |b Г. Н. 
712 0 1 |a СССР  |b Народный комиссариат угольной промышленности  |c (1939-1946)  |2 stltpush  |3 (RuTPU)RU\TPU\col\26879  |9 28615 
712 0 2 |a Кузнецкий научно-исследовательский угольный институт  |c (Прокопьевск)  |c (1994- )  |2 stltpush  |3 (RuTPU)RU\TPU\col\18219  |9 26946 
801 1 |a RU  |b 63413507  |c 20200828 
801 2 |a RU  |b 63413507  |c 20200909  |g RCR 
942 |c BK